Katalog ex libris farmaceutů a pracovníků ve farmacii /

Hlavní autor: Rusek, Václav, 1928-2016
Další autoři: Berka, Ivan, 1918-1989
Jazyk: Čeština
Vydáno: Prešov : Lékárenská služba OÚNZ, 1984
Fyzický popis: 95 s.
Knihy
Uloženo v:
LEADER 00735nam a2200217 a 4500
001 000444060
003 CZ BrMZK
005 19990305143423.0
007 ta
008 990305s1984 xo f cze d
035 |a (OCoLC)39437165 
040 |a BOA001  |b cze 
080 |a 769.4:615(064)  |2 MRF 
100 1 |a Rusek, Václav,  |d 1928-2016  |7 jk01103084  |4 aut 
245 1 0 |a Katalog ex libris farmaceutů a pracovníků ve farmacii /  |c Zprac. Václav Rusek a Ivan Berka 
260 |a Prešov :  |b Lékárenská služba OÚNZ,  |c 1984 
300 |a 95 s. 
700 1 |a Berka, Ivan,  |d 1918-1989  |7 jk01011836  |4 aut 
910 |a BOA001  |b 2-0885.814 
990 |a BK 
996 7 |b 2619504322  |c 2-0885.814  |l MZK  |r Sklad / do 1 hodiny  |n 2  |w 000444060  |u 000010  |a 1  |e BOA001  |j MZK50  |s A